La Creatividad y los retos de la contemporaneidad /
Αποθηκεύτηκε σε:
| Κύριος συγγραφέας: | |
|---|---|
| Μορφή: | Κείμενο |
| Θέματα: | |
| Ετικέτες: |
Προσθήκη ετικέτας
Δεν υπάρχουν, Καταχωρήστε ετικέτα πρώτοι!
|
MARC
| LEADER | 00000 a a2200000 04500 | ||
|---|---|---|---|
| 001 | 18569 | ||
| 003 | |||
| 040 | |||
| 100 | |a Cuevas Molina, Rafael | ||
| 245 | |a La Creatividad y los retos de la contemporaneidad / |c Rafael Cuevas Molina | ||
| 650 | |a CREATIVIDAD | ||
| 650 | |a CAMBIO SOCIAL | ||
| 650 | |a IDENTIDAD CULTURAL | ||
| 650 | |a VIDA COTIDIANA | ||
| 773 | |g número 39; páginas 13-27 | ||
| 999 | |c 25412 |d 25412 | ||
